[Event "Unterfranken-ch HB 62th"]
[Site "Gerolzhofen"]
[Date "2011.04.25"]
[Round "1"]
[White "Liebler, Juergen"]
[Black "Engelbrecht, Klaus"]
[Result "1-0"]
[WhiteElo "1676"]
[BlackElo "1252"]
[PlyCount "97"]
[EventDate "2011.04.25"]
[EventType "swiss"]
[EventRounds "9"]
[EventCountry "GER"]
[SourceTitle "EXT 2015"]
[Source "ChessBase"]
[SourceDate "2014.11.20"]
[SourceVersion "1"]
[SourceVersionDate "2014.11.20"]
[SourceQuality "1"]

1. e4 e5 2. Bc4 Nf6 3. Nc3 c6 4. Nf3 Nxe4 5. Nxe4 d5 6. Bb3 dxe4 7. Nxe5 Be6 8. Bxe6 fxe6 9. Qh5+ g6 10. Nxg6 Qd5 11. Qxd5 exd5 12. Nxh8 Bg7 13. Nf7 Kxf7 14. Ke2 Nd7 15. Rf1 Re8 16. Rb1 Nc5 17. b4 Ne6 18. g3 Nd4+ 19. Kd1 Nb5 20. f3 e3 21. Re1 exd2 22. Bxd2 Rd8 23. Rb3 d4 24. Re4 Rd6 25. a4 Nc7 26. Bf4 Rd7 27. Bxc7 Rxc7 28. Kd2 b6 29. Rb1 c5 30. bxc5 bxc5 31. Rb5 h5 32. a5 Bh6+ 33. Kd3 Be3 34. Ke2 Bg1 35. h3 Kf6 36. g4 hxg4 37. hxg4 Be3 38. a6 Rh7 39. Rxe3 Rh2+ 40. Kd3 dxe3 41. Rxc5 e2 42. Kd2 Rf2 43. Rf5+ Ke6 44. Ke1 Rh2 45. Rf8 Kd7 46. Rf7+ Kc6 47. Rxa7 Kb6 48. Re7 Kxa6 49. Rxe2 1-0

[Event "Unterfranken-ch HT 61th"]
[Site "Kitzingen"]
[Date "2010.04.08"]
[Round "5"]
[White "Falkenstein, Johannes"]
[Black "Liebler, Juergen"]
[Result "1/2-1/2"]
[WhiteElo "1532"]
[BlackElo "1675"]
[PlyCount "86"]
[EventDate "2010.04.05"]
[EventType "swiss"]
[EventRounds "9"]
[EventCountry "GER"]
[SourceTitle "EXT 2015"]
[Source "ChessBase"]
[SourceDate "2014.11.20"]
[SourceVersion "1"]
[SourceVersionDate "2014.11.20"]
[SourceQuality "1"]

1. d4 d5 2. Bf4 Bf5 3. c4 c6 4. Nc3 e6 5. e3 Bd6 6. Bxd6 Qxd6 7. Nf3 Nd7 8. c5 Qc7 9. b4 Ngf6 10. Nh4 Bg4 11. Nf3 Ne4 12. Qc2 Nxc3 13. Qxc3 0-0 14. Bd3 f5 15. a4 Nf6 16. Ne5 Bh5 17. b5 Nd7 18. Nxd7 Qxd7 19. bxc6 bxc6 20. Rb1 Rfb8 21. 0-0 g5 22. Rxb8+ Rxb8 23. Rb1 Rxb1+ 24. Bxb1 Qb7 25. Bd3 Bd1 26. a5 Ba4 27. g3 Bd1 28. a6 Qb3 29. Qxb3 Bxb3 30. Kf1 Kf7 31. f3 Kf6 32. e4 fxe4 33. fxe4 e5 34. exd5 Bxd5 35. dxe5+ Kxe5 36. Bxh7 Bc4+ 37. Kf2 Bxa6 38. Ke3 Bc8 39. Be4 Bd7 40. h4 gxh4 41. gxh4 Be8 42. h5 Bxh5 43. Bxc6 Bf7 1/2-1/2

[Event "Unterfranken-ch HT 61th"]
[Site "Kitzingen"]
[Date "2010.04.06"]
[Round "2"]
[White "Liebler, Juergen"]
[Black "Gessner, Alec"]
[Result "1-0"]
[WhiteElo "1675"]
[BlackElo "1106"]
[PlyCount "75"]
[EventDate "2010.04.05"]
[EventType "swiss"]
[EventRounds "9"]
[EventCountry "GER"]
[SourceTitle "EXT 2015"]
[Source "ChessBase"]
[SourceDate "2014.11.20"]
[SourceVersion "1"]
[SourceVersionDate "2014.11.20"]
[SourceQuality "1"]

1. e4 e5 2. Bc4 Nf6 3. Nc3 Nc6 4. d3 Bc5 5. Be3 Nd4 6. Nf3 d6 7. h3 Be6 8. Bb3 0-0 9. Nxd4 Bxd4 10. Qd2 c6 11. 0-0-0 Bxb3 12. axb3 Qa5 13. Kb1 b5 14. Bxd4 exd4 15. Nd5 Qd8 16. Nf4 a5 17. Ne2 c5 18. g4 a4 19. b4 Qb6 20. f4 Rfe8 21. g5 Nd7 22. h4 Nb8 23. h5 Nc6 24. bxc5 Qxc5 25. Rdg1 g6 26. hxg6 fxg6 27. Ng3 Ne7 28. Qh2 Kf7 29. Qxh7+ Ke6 30. Qh3+ Kf7 31. f5 gxf5 32. exf5 Rg8 33. Qh5+ Kf8 34. Ne4 Qxf5 35. Rf1 Ra6 36. Rxf5+ Nxf5 37. Nf6 Rg7 38. Qe8# 1-0

[Event "Unterfranken-ch HA 60th"]
[Site "Obernau"]
[Date "2009.04.17"]
[Round "8"]
[White "Frankenberger, Ralf"]
[Black "Liebler, Juergen"]
[Result "1-0"]
[WhiteElo "1883"]
[BlackElo "1715"]
[PlyCount "59"]
[EventDate "2009.04.13"]
[EventType "swiss"]
[EventRounds "9"]
[EventCountry "GER"]
[SourceTitle "EXT 2015"]
[Source "ChessBase"]
[SourceDate "2014.11.20"]
[SourceVersion "1"]
[SourceVersionDate "2014.11.20"]
[SourceQuality "1"]

1. d4 Nf6 2. Nf3 d6 3. Nc3 c6 4. e4 g6 5. g3 Bg7 6. Bg2 0-0 7. 0-0 h6 8. h3 Kh7 9. Be3 Nfd7 10. Nh4 e6 11. f4 f5 12. Qd2 Nf6 13. e5 dxe5 14. dxe5 Qxd2 15. Bxd2 Nd5 16. Ne2 Nd7 17. c4 N5b6 18. b3 Re8 19. Be3 Bf8 20. Rfd1 a5 21. Nf3 a4 22. Ned4 axb3 23. axb3 Rxa1 24. Rxa1 Bc5 25. Kf2 Nb8 26. Nxf5 Bxe3+ 27. Nxe3 Rd8 28. Rd1 Rxd1 29. Nxd1 Na6 30. Ne1 1-0

[Event "Unterfranken-ch HB 59th"]
[Site "Rieneck"]
[Date "2008.03.27"]
[Round "5"]
[White "Rachor, Udo"]
[Black "Liebler, Juergen"]
[Result "0-1"]
[WhiteElo "1521"]
[BlackElo "1690"]
[PlyCount "64"]
[EventDate "2008.03.24"]
[EventType "swiss"]
[EventRounds "9"]
[EventCountry "GER"]
[SourceTitle "EXT 2015"]
[Source "ChessBase"]
[SourceDate "2014.11.20"]
[SourceVersion "1"]
[SourceVersionDate "2014.11.20"]
[SourceQuality "1"]

1. c4 Nf6 2. Nc3 e5 3. e4 Nc6 4. Nf3 Bc5 5. d3 Ng4 6. Be3 Nxe3 7. fxe3 Bxe3 8. Nd5 Bc5 9. Nd2 a6 10. Nb3 Ba7 11. Qd2 d6 12. 0-0-0 Be6 13. Be2 Bxd5 14. cxd5 Nd4 15. Nxd4 Bxd4 16. Kb1 c5 17. Rhf1 Qh4 18. h3 0-0 19. Bg4 a5 20. Qe1 Qd8 21. Rd2 Qb6 22. Rc2 a4 23. a3 Ra5 24. Qe2 Rb5 25. Bd7 Rb3 26. Ka2 Ra8 27. Rb1 Qa6 28. Rc4 b5 29. Rc2 b4 30. Rc4 Rxa3+ 31. bxa3 b3+ 32. Rxb3 axb3+ 0-1

[Event "Unterfranken-ch HB 59th"]
[Site "Rieneck"]
[Date "2008.03.26"]
[Round "4"]
[White "Liebler, Juergen"]
[Black "Schmid, Herbert"]
[Result "0-1"]
[WhiteElo "1690"]
[BlackElo "1647"]
[PlyCount "22"]
[EventDate "2008.03.24"]
[EventType "swiss"]
[EventRounds "9"]
[EventCountry "GER"]
[SourceTitle "EXT 2015"]
[Source "ChessBase"]
[SourceDate "2014.11.20"]
[SourceVersion "1"]
[SourceVersionDate "2014.11.20"]
[SourceQuality "1"]

1. e4 c6 2. d4 d5 3. e5 Bf5 4. Bd3 Bxd3 5. Qxd3 e6 6. Nc3 Be7 7. Nge2 f6 8. f4 Nh6 9. Qh3 f5 10. Qh5+ Nf7 11. g4 Bh4+ 0-1

[Event "Unterfranken-ch HB 59th"]
[Site "Rieneck"]
[Date "2008.03.25"]
[Round "3"]
[White "Mueller, Roland1111"]
[Black "Liebler, Juergen"]
[Result "1/2-1/2"]
[WhiteElo "1845"]
[BlackElo "1690"]
[PlyCount "40"]
[EventDate "2008.03.24"]
[EventType "swiss"]
[EventRounds "9"]
[EventCountry "GER"]
[SourceTitle "EXT 2015"]
[Source "ChessBase"]
[SourceDate "2014.11.20"]
[SourceVersion "1"]
[SourceVersionDate "2014.11.20"]
[SourceQuality "1"]

1. d4 e6 2. Nf3 c5 3. e4 cxd4 4. Nxd4 Nc6 5. Be3 Nf6 6. Nd2 d5 7. Nxc6 bxc6 8. e5 Nd7 9. f4 Bc5 10. Qf3 Qb6 11. Bxc5 Nxc5 12. Nb3 Qb4+ 13. c3 Qb6 14. Nxc5 Qxc5 15. Qf2 Qxf2+ 16. Kxf2 a5 17. Bd3 Ba6 18. Ke3 Bxd3 19. Kxd3 Kd7 20. b3 c5 1/2-1/2

[Event "Unterfranken-ch HB 58th"]
[Site "Wuerzburg"]
[Date "2007.04.13"]
[Round "7"]
[White "Herberich, Martin"]
[Black "Liebler, Juergen"]
[Result "1-0"]
[WhiteElo "1726"]
[BlackElo "1658"]
[PlyCount "51"]
[EventDate "2007.04.09"]
[EventType "swiss"]
[EventRounds "9"]
[EventCountry "GER"]
[SourceTitle "EXT 2015"]
[Source "ChessBase"]
[SourceDate "2014.11.20"]
[SourceVersion "1"]
[SourceVersionDate "2014.11.20"]
[SourceQuality "1"]

1. d4 e6 2. Nf3 c5 3. e3 Nc6 4. b3 Nf6 5. Bb2 b6 6. Nbd2 cxd4 7. exd4 Bb7 8. Bd3 Nb4 9. Be2 Rc8 10. c4 Bxf3 11. Nxf3 d5 12. 0-0 Be7 13. cxd5 Nbxd5 14. Bb5+ Nd7 15. Ne5 N5f6 16. Nxd7 Nxd7 17. d5 Bf6 18. dxe6 fxe6 19. Bxf6 gxf6 20. Qh5+ Ke7 21. Rfd1 Rc5 22. Qh6 Rd5 23. Qg7+ Kd6 24. Rxd5+ exd5 25. Bxd7 Rg8 26. Qf7 1-0

[Event "Unterfranken-ch M2 57th"]
[Site "Prichsenstadt"]
[Date "2006.04.20"]
[Round "5"]
[White "Blank, Stefan"]
[Black "Liebler, Juergen"]
[Result "1-0"]
[WhiteElo "1848"]
[BlackElo "1690"]
[PlyCount "67"]
[EventDate "2006.04.17"]
[EventType "swiss"]
[EventRounds "9"]
[EventCountry "GER"]
[SourceTitle "EXT 2015"]
[Source "ChessBase"]
[SourceDate "2014.11.20"]
[SourceVersion "1"]
[SourceVersionDate "2014.11.20"]
[SourceQuality "1"]

1. e4 e5 2. d3 Nc6 3. g3 Bc5 4. Bg2 Nge7 5. c3 d6 6. h3 0-0 7. Nf3 f5 8. 0-0 fxe4 9. dxe4 Be6 10. Nbd2 b5 11. Ng5 Bd7 12. b4 Bb6 13. Qb3+ Kh8 14. Nf7+ Rxf7 15. Qxf7 Qc8 16. Kh2 Be6 17. Qh5 Ng6 18. f4 Bd7 19. f5 Nge7 20. Nf3 Qe8 21. Qh4 Ng8 22. g4 Qe7 23. g5 Rf8 24. Qh5 Be8 25. Qg4 Bd7 26. Nh4 Be8 27. Bd2 a5 28. a3 a4 29. Rf3 Nd8 30. Raf1 h5 31. gxh6 Nxh6 32. Bxh6 gxh6 33. f6 Qh7 34. Qg7+ 1-0

[Event "Unterfranken-ch M2 57th"]
[Site "Prichsenstadt"]
[Date "2006.04.20"]
[Round "6"]
[White "Ersoez, Can Hakki"]
[Black "Liebler, Juergen"]
[Result "1-0"]
[WhiteElo "1846"]
[BlackElo "1690"]
[PlyCount "89"]
[EventDate "2006.04.17"]
[EventType "swiss"]
[EventRounds "9"]
[EventCountry "GER"]
[SourceTitle "EXT 2015"]
[Source "ChessBase"]
[SourceDate "2014.11.20"]
[SourceVersion "1"]
[SourceVersionDate "2014.11.20"]
[SourceQuality "1"]

1. e4 e5 2. Nf3 Nc6 3. Bb5 d6 4. c4 Bd7 5. d4 exd4 6. Nxd4 Nxd4 7. Bxd7+ Qxd7 8. Qxd4 Be7 9. Nc3 Nf6 10. 0-0 0-0 11. b3 a6 12. Bb2 Qg4 13. Rad1 c5 14. Qe3 Qg6 15. h3 Rfd8 16. Nd5 Nxd5 17. Rxd5 Bf6 18. Bxf6 Qxf6 19. Rfd1 Qe7 20. Qd3 f6 21. f3 Rac8 22. Rxd6 Qxd6 23. Qxd6 Rxd6 24. Rxd6 Rc7 25. a4 Kf7 26. a5 Ke7 27. Rd5 Rc6 28. Kf2 b5 29. axb6 Rxb6 30. Rxc5 Rxb3 31. Rc7+ Kf8 32. c5 Rc3 33. Kg3 a5 34. Kf4 g6 35. Rxh7 Rxc5 36. Ra7 Rb5 37. h4 Rc5 38. Kg4 Rb5 39. g3 Rc5 40. f4 Rc4 41. h5 gxh5+ 42. Kf5 a4 43. Kxf6 Ke8 44. e5 h4 45. e6 1-0

[Event "Unterfranken-ch HA 56th"]
[Site "Stetten"]
[Date "2005.03.29"]
[Round "3"]
[White "Liebler, Juergen"]
[Black "Werner, Stefan1111"]
[Result "1-0"]
[WhiteElo "1711"]
[BlackElo "1653"]
[PlyCount "61"]
[EventDate "2005.03.28"]
[EventType "swiss"]
[EventRounds "9"]
[EventCountry "GER"]
[SourceTitle "EXT 2015"]
[Source "ChessBase"]
[SourceDate "2014.11.20"]
[SourceVersion "1"]
[SourceVersionDate "2014.11.20"]
[SourceQuality "1"]

1. e4 e6 2. d4 d5 3. exd5 exd5 4. Nf3 Nf6 5. Bg5 Be7 6. Bd3 0-0 7. Nbd2 Bg4 8. 0-0 c6 9. c3 Nbd7 10. Qc2 h6 11. Bh4 Rc8 12. Rae1 b6 13. h3 Be6 14. Re3 c5 15. Rfe1 cxd4 16. Nxd4 Bc5 17. Nxe6 fxe6 18. Rxe6 Qc7 19. Kh1 Bd6 20. f3 Bg3 21. Bxg3 Qxg3 22. Nf1 Qh4 23. Kg1 Nc5 24. Re7 Nxd3 25. Qxd3 Ne4 26. Qxd5+ Kh8 27. R1xe4 Qf6 28. Qd4 Qg5 29. h4 Qc5 30. Qxc5 Rxc5 31. Rxa7 1-0

[Event "Unterfranken-ch M2 54th"]
[Site "Moembris"]
[Date "2003.04.25"]
[Round "8"]
[White "Liebler, Juergen"]
[Black "Suess, Mirco"]
[Result "1-0"]
[WhiteElo "1727"]
[BlackElo "1827"]
[PlyCount "26"]
[EventDate "2003.04.21"]
[EventType "swiss"]
[EventRounds "9"]
[EventCountry "GER"]
[SourceTitle "EXT 2015"]
[Source "ChessBase"]
[SourceDate "2014.11.20"]
[SourceVersion "1"]
[SourceVersionDate "2014.11.20"]
[SourceQuality "1"]

1. e4 e6 2. d4 d5 3. e5 c5 4. c3 Nc6 5. Bb5 Qb6 6. Ba4 Bd7 7. Nf3 cxd4 8. cxd4 Nxe5 9. Nxe5 Qa5+ 10. Nc3 Bxa4 11. Qxa4+ Qxa4 12. Nxa4 Rc8 13. Bd2 Rc4 1-0

[Event "Unterfranken-ch M2 54th"]
[Site "Moembris"]
[Date "2003.04.24"]
[Round "6"]
[White "Frey, Michael"]
[Black "Liebler, Juergen"]
[Result "0-1"]
[WhiteElo "1738"]
[BlackElo "1727"]
[PlyCount "118"]
[EventDate "2003.04.21"]
[EventType "swiss"]
[EventRounds "9"]
[EventCountry "GER"]
[SourceTitle "EXT 2015"]
[Source "ChessBase"]
[SourceDate "2014.11.20"]
[SourceVersion "1"]
[SourceVersionDate "2014.11.20"]
[SourceQuality "1"]

1. d4 d5 2. c4 Nf6 3. Nc3 Bf5 4. Qb3 Nc6 5. cxd5 Nxd5 6. Qxd5 Nxd4 7. Qxd8+ Rxd8 8. e4 Nc2+ 9. Ke2 Bxe4 10. Nxe4 Nxa1 11. Bf4 e6 12. Bxc7 Rd5 13. Nc3 Rd7 14. Bf4 Nc2 15. Nf3 Nb4 16. Ne5 Rd8 17. Kf3 a6 18. a3 Nd5 19. Nxd5 Rxd5 20. Bc4 Rd8 21. Re1 Be7 22. g3 0-0 23. h4 Rc8 24. Rd1 Bf6 25. Bb3 Rfd8 26. Rxd8+ Rxd8 27. Ke3 Rc8 28. Kd3 h6 29. h5 Rc5 30. Nd7 Rxh5 31. Nxf6+ gxf6 32. Bd1 Rd5+ 33. Kc2 Kg7 34. Bf3 Rd7 35. Kc3 e5 36. Be3 f5 37. a4 Kg6 38. Kc4 e4 39. Be2 Rc7+ 40. Kb3 h5 41. Bc4 f6 42. Kb4 h4 43. gxh4 Rh7 44. Bd5 Rd7 45. Kc5 Kh5 46. Be6 Rc7+ 47. Kb6 Rc6+ 48. Kxb7 Rxe6 49. a5 Kg4 50. Bb6 f4 51. Kxa6 e3 52. fxe3 fxe3 53. Ka7 Rxb6 54. axb6 e2 55. b7 e1Q 56. b8Q Qa1+ 57. Kb7 Qxb2+ 58. Kc7 Qxb8+ 59. Kxb8 Kxh4 0-1